| 000 | 00385nam a22001697a 4500 | ||
|---|---|---|---|
| 082 | _aP-261 | ||
| 100 |
_aImad Ud Din _948081 |
||
| 245 | _aDesign of RCC Beams | ||
| 260 |
_aRisalpur Cantt _bMCE |
||
| 300 | _aP 50 | ||
| 526 |
_a0 _b0 _c0 _dP_261 |
||
| 526 |
_a0 _b0 _c0 _dP_261 |
||
| 526 |
_a0 _b0 _c0 _dP_261 |
||
| 650 | _aProject | ||
| 700 |
_aMuhammad Iqbal _94316 |
||
| 942 |
_2ddc _cBK |
||
| 999 |
_c551117 _d551117 |
||